000 00154 a2200073 4500
020 _a9781444123609
082 _a650.14 MAN
245 _aGET THE CAREER YOU WANT
999 _c792253
_d792252
942 _w223
_xZanele Mgwenya
_y223
_zZanele Mgwenya